=LDR 00000nam 2200000 4500 =001 INLIS000000000036508 =005 20130612142306 =008 ***********************************Ind** =035 ##$$0010-061300000036508 =041 ##$$a Ind =082 ##$$a F Rom K =090 ##$$a F Rom K, Rob b =100 ##$$a Rob =245 ##$$a Bouble dan bill, terserah Bill. deh, Rob =260 ##$$a 1999 $b Jakarta =300 ##$$a 48 hlm, ilus, 24 cm =650 ##$$a Fiksi kanak-kanak =850 ##$$a NBPNMAT